| 000 | 00468cam a2200181ua 4500 | ||
|---|---|---|---|
| 020 | _c55.00 | ||
| 041 |
_aeng _h |
||
| 082 |
_a692.5 _bCHA/ES |
||
| 100 | _aChakraborti, M . | ||
| 245 |
_aEstimating, costing and specification in civil engineering / _cM.Chakraborti. _hTextual Documents |
||
| 250 |
_a8 / _b. |
||
| 260 |
_aCalcutta : _bM.Chakraborti , _c1984. |
||
| 300 | _a767 ; . | ||
| 365 | _a55.00 | ||
| 504 | _a | ||
| 942 | _cBK | ||
| 999 |
_c2063 _d2063 |
||